000 01875cam a22003737i 4500
001 18934812
003 OSt
005 20220201161709.0
008 160113t20172017at a b 001 0 eng d
010 _a 2016930710
020 _a9781111533922
020 _a111153392X
035 _a(OCoLC)ocn921866296
040 _aYDXCP
_beng
_cYDXCP
_erda
_dBTCTA
_dOCLCQ
_dCDX
_dOCLCF
_dSISMU
_dP4A
_dDLC
042 _alccopycat
050 0 0 _aHD38.5.C698
082 0 4 _a658.5
_223
245 1 0 _aManaging supply chains: a logistics approach. /
_cJohn J. Coyle...[et al.].
250 _a9th ed.
264 1 _aLondon:
_bCengage Learning,
_c2013.
300 _axxv, 693 p.:
_bill. ;
336 _atext
_btxt
_2rdacontent
337 _aunmediated
_bn
_2rdamedia
338 _avolume
_bnc
_2rdacarrier
504 _aIncludes bibliographical references and indexes.
505 0 _aContents: 1. Supply chain management: an overview -- Role of logistics in supply chains -- Global dimensions of supply chains -- 2. Supply chain relationships -- Supply chain performance measurement and financial analysis -- Supply chain technology-managing information flows -- 3. Demand management -- Order management and customer service -- Managing inventory in the supply chain -- Transportation-managing the flow of the supply chain -- Distribution-managing fulfillment operations -- 4. Supply chain network analysis and design -- Sourcing materials and services -- Operations-producing goods and services -- Supply chain sustainability -- 5. Strategic challenges and change for supply chains --
650 0 _aBusiness logistics.
650 7 _aBusiness logistics.
_2fast
_0(OCoLC)fst00842759
700 _qCoyle, John J.
906 _a7
_bcbc
_ccopycat
_d2
_encip
_f20
_gy-gencatlg
942 _2lcc
_cBK
999 _c8579
_d16079